Lego Locations Around the World- Sudden Death - Statistics

General Stats
  • This quiz has been taken 42 times
  • The average score is 9 of 18
Answers on the Grid
Answers color-coded by a green-red scale on the quiz's grid according to % correct below.
USA
Canada
France
Spain
Russia
Italy
Germany
India
Japan
North Korea
Mongolia
Turkiye
Spain
Portugal
Ethiopia
UAE
Qatar
Iran
Pakistan
Afghanistan
Thailand
Singapore
Australia
Poland
Belarus
Ukraine
Sweden
 
Answer Stats
Answer % Correct
USA
89%
France
85%
Italy
78%
Canada
74%
Germany
70%
Spain
67%
Japan
59%
Spain
59%
Australia
48%
Poland
48%
Sweden
44%
Portugal
37%
UAE
37%
Singapore
33%
Thailand
26%
Qatar
19%
India
15%
Ethiopia
4%
No matching quizzes found
Score Distribution
Percent of People with Each Score
Percentile by Number Answered
Your Score History
You have not taken this quiz